| 000 | 00970nas a2200265Ia 4500 | ||
|---|---|---|---|
| 001 | R036/44110 | ||
| 003 | IT-RoPAU | ||
| 008 | 151124c99999999xx |||||||||||| ||und|| | ||
| 040 | _aIT-RoPAU | ||
| 040 | _cIT-RoPAU | ||
| 041 | _aITALIANO | ||
| 100 |
_aAA.VV. _gCodice Aut. SPICS: 12000 |
||
| 210 | _aSEQUENZE | ||
| 222 | _aSequenze | ||
| 245 |
_aSEQUENZE, ANNO 2-N.07 (MARZO 1950) _bSequenze, Anno 2-N.07 (Marzo 1950) |
||
| 250 | _a1a ed. | ||
| 260 |
_aPARMA _bMACCARI _c1950 |
||
| 501 |
_bPaulus - SPICS - Società San Paolo EM (non-commercial uses only) _cCopyright2015 |
||
| 300 | _a48 p. | ||
| 310 | _aMENSILE | ||
| 362 | _aANNO 002, N.07 (MARZO 1950) | ||
| 500 | _aMonografia su Cinema e Cattolicesimo: Contributi di Autori Vari. Testo dell'Enciclica Vigilanti Cura di Pio Xi. Note Sulla Censura di Nino Ghelli. Cinema e Spirito di Mario Verdone. Film per Ragazzi di Louis Gain. Rassegne. | ||
| 650 |
_aCINEMA _vPUBBLICAZIONE PERIODICA |
||
| 942 | _cCR | ||
| 999 |
_c112264 _d112264 |
||